Cost Management Strategies for Business Decisions (Record no. 1882)
[ view plain ]
| 005 - DATE AND TIME OF LATEST TRANSACTION | |
|---|---|
| control field | 20250501095519.0 |
| 020 ## - INTERNATIONAL STANDARD BOOK NUMBER | |
| International Standard Book Number | 978-007713239-2 |
| 082 ## - DEWEY DECIMAL CLASSIFICATION NUMBER | |
| Classification number | 658. 155 WOU |
| 100 ## - MAIN ENTRY--PERSONAL NAME | |
| Author name | WOUTERS, M. |
| 245 ## - TITLE STATEMENT | |
| Title | Cost Management Strategies for Business Decisions |
| 260 ## - PUBLICATION, DISTRIBUTION, ETC. | |
| Place of publication, distribution, etc. | New York, |
| Name of publisher, distributor, etc. | McGraw-Hill, |
| Date of publication, distribution, etc. | 2012. |
| 300 ## - PHYSICAL DESCRIPTION | |
| Extent | xxx, 865p.: ill.; graph, table. |
| Other physical details | Glossary, index. |
| Dimensions | 28cm. |
| 700 ## - ADDED ENTRY--PERSONAL NAME | |
| Other authors/Editors | SELTO, F. H, HILTON, R. W. & MAHER, M. W. |
| 856 ## - ELECTRONIC LOCATION AND ACCESS | |
| Link text | Access online book |
| Electronic name | Cost Management |
| Path | www.mcgraw-hill.co.uk |
| 942 ## - ADDED ENTRY ELEMENTS (KOHA) | |
| Source of classification or shelving scheme | Dewey Decimal Classification |
| Koha item type | Books |
| Date last seen | Total checkouts | Full call number | Barcode | Cost, replacement price | Price effective from | Koha item type | Lost status | Source of classification or shelving scheme | Damaged status | Not for loan | Withdrawn status | Home library | Current library | Shelving location | Date acquired | Cost, normal purchase price |
|---|---|---|---|---|---|---|---|---|---|---|---|---|---|---|---|---|
| 05/01/2025 | 658. 155 WOU | 0000007347 | 200814.00 | 05/01/2025 | Books | Dewey Decimal Classification | College of Business Education Main Library | College of Business Education Main Library | General Collection | 07/08/2016 | 66938.00 |
